000 00477nam a2200181 a 4500
001 001138220
003 AM-YeHGA
005 20250618074520.0
008 160330s1936 ||| r 000 0 rus d
040 _aAM-YeHGA
041 0 _arus
100 1 _aГорький, Максим
_9558
245 1 0 _aМать /
_cМ. Горький.
260 _aМосква :
_bХудлит,
_c1936.
300 _a327 с.
653 0 _aРусская литература
090 _c367075
999 _c365213
_d365213